Chasis
Đã lưu trong:
| Những tác giả chính: | , |
|---|---|
| Định dạng: | Sách |
| Ngôn ngữ: | Tiếng Tây Ban Nha |
| Được phát hành: |
Barcelona
Marcombo
1975
|
| Loạt: | Técnica del Automóvil, 6
|
| Những chủ đề: | |
| Các nhãn: |
Thêm thẻ
Không có thẻ, Là người đầu tiên thẻ bản ghi này!
|
MARC
| LEADER | 00000nam a2200000 a 4500 | ||
|---|---|---|---|
| 001 | UCP2173 | ||
| 003 | CL-VaPUC | ||
| 008 | 990507e19750000SP |||||||||||||||||spa|d | ||
| 082 | 0 | 4 | |a 629.24 |b AND |2 21 |
| 100 | 0 | |a Andrea, M. H |e author |9 428699 | |
| 700 | 0 | |a Trottet, E |e author |9 428700 | |
| 245 | 1 | 0 | |a Chasis |
| 300 | |a 158 p | ||
| 942 | |c BK | ||
| 945 | |d 19990507 00:00:00 |a cmena | ||
| 260 | |a Barcelona |b Marcombo |c 1975 | ||
| 650 | 0 | |a Automóviles |9 260871 | |
| 650 | 7 | |a PIEZAS DE AUTOMOVILES |2 CL-VaPUC |9 428701 | |
| 650 | 7 | |a SISTEMAS DE TRANSMISION |2 CL-VaPUC |9 428702 | |
| 650 | 0 | |a Velocidad |9 311814 | |
| 650 | 0 | |a Amortiguadores |9 428693 | |
| 650 | 0 | |a Frenos |9 271672 | |
| 650 | 0 | |a Resortes |9 359465 | |
| 650 | 0 | |a Mecánica |9 260096 | |
| 583 | |a last modification |c 19990507 00:00:00 |k Rodrigo Vera | ||
| 490 | 0 | |a Técnica del Automóvil, 6 | |
| 999 | |c 280755 |d 280753 | ||
| 952 | |0 0 |1 0 |4 0 |6 629_240000000000000_AND_1975 |7 0 |8 A |9 321253 |a BIBMEC |b BIBMEC |d 2019-11-20 |i 1498908 |o 629.24 AND 1975 |p 1498908 |r 2024-01-19 |w 2019-11-20 |y BK |k MEC | ||